000 00524nam a2200181Ia 4500
001 11885
005 20260306162901.0
008 260306t2020||||xx |||||||||||||| ||spa||
041 _aESP
082 _aHR 200
_bN° 13 2020 SC
110 _aDiócesis de Córdoba
245 0 _aStvdia cordvbensia:
_brevista de Teología y Ciencias Religiosas de los centros académicos de la Diócesis de Córdoba
260 _c2020
300 _a374 páginas :
_c24 cm.
650 _aGEN
654 _aCHU
942 _cREV
_dJUS
_fJUS
_2ddc
_n
999 _c11885
_d11885